Normal view MARC view

Entry Personal Name

Number of records used in: 4

001 - CONTROL NUMBER

  • control field: 50155

003 - CONTROL NUMBER IDENTIFIER

  • control field: dpl

005 - DATE AND TIME OF LATEST TRANSACTION

  • control field: 20120713151356.0

008 - FIXED-LENGTH DATA ELEMENTS

  • fixed length control field: 120713|||a|||||| | ||| d

040 ## - CATALOGING SOURCE

  • Original cataloging agency: dpl
  • Transcribing agency: dpl

100 ## - HEADING--PERSONAL NAME

  • Personal name: Isaacson, Walter

670 ## - SOURCE DATA FOUND

  • Source citation: Work cat.: (dpl): Isaacson, Walter, Steve jobs/, 2011

670 ## - SOURCE DATA FOUND

  • Source citation: Work cat.: (dpl): Isaacson, Walter, Steve jobs/, 2011

© Delhi Public Library
Hit Counter
free hit counter